000 01790cam a22004934i 4500
003 PE-LiUPU
005 20250731184527.0
008 150623s r 000 0 d
020 _a0945636350
035 _a(Sirsi) i9780945636359
040 _aPE-LiUPU
_bspa
_cPE-LiUPU
_erda
049 _aPRUA
082 0 4 _a935.04092
_bS13
_221
100 1 _aSack, Ronald H.,
_d1943-,
_eautor.
245 1 0 _aImages of Nebuchadnezzar :
_bthe emergence of a legend /
_cRonald H. Sack.
264 1 _aCranbury, NJ :
_bAssociated University Presses,
_c1991.
300 _a139 páginas ;
_c24 centímetros
336 _atext
_2rdacontent
337 _aunmediated
_2rdamedia
338 _avolume
_2rdacarrier
504 _aBibliografía : p. 110-139.
505 0 _aIntroduution. -The cuneiform sources. -The classical, medieval, and hebrew sources. -Nebuchadnezzar the destroyer. -Nebuchadnezzar the builder. -The "Myth" of Nebuchadnezzar. -Concluding Remarks.
526 _aP136
526 _aP135
526 _aP134
526 _aP133
526 _aP144
526 _aP143
526 _aP87
526 _aP35
526 _aP20
526 _aP14
526 _aP10
526 _aP06
600 1 _aNabucodonosor IIrey de Babilonia.
_dd. 562 a. de JC
651 _aBabilonia
_xHistoria
_vFuentes.
651 _aBabilonia
_xReyes y gobernantes
_vBiografía
942 _2ddc
_cBOOK
949 _a935.04092 S13
_wDEWEY
_c1
_i44197
_lCCODEBUL1
_mBUL
_r0
_sY
_tBOOK
_u2015-6-24
_xTEOLOGIA
_PP35
_0COMPRA
_o.STAFF. Colección General
994 _aC0
_bPEPRU
596 _a1
999 _a935.04092 S13
_wDEWEY
_c21072
_i44197
_f2021-11-11
_g5
_lCCODEBUL1
_mBUL
_r0
_sY
_tBOOK
_u2015-6-24
_xTEOLOGIA
_PP35
_0COMPRA
_o.STAFF. Colección General
_d21072
980 _81
_gALBERTO SANCHEZ Responsable de Automatización